[Event "Russian Blitz Championship (w)"]
[Site "Sochi"]
[Date "2022.10.14"]
[Round "11.5"]
[White "Pogonina, Natalija"]
[Black "Potapova, Margarita"]
[Result "1/2-1/2"]
[BlackElo "2150"]
[WhiteElo "2332"]
[LiveChessVersion "1.4.8"]

1. d4 {[%clk 0:03:02]} Nf6 {[%clk 0:03:04]} 2. g3 {[%clk 0:03:02]} d5
{[%clk 0:03:00]} 3. Bg2 {[%clk 0:03:03]} e6 {[%clk 0:02:52]} 4. Nf3
{[%clk 0:03:03]} c5 {[%clk 0:02:51]} 5. O-O {[%clk 0:03:02]} Nc6 {[%clk 0:02:48]}
6. c4 {[%clk 0:03:01]} dxc4 {[%clk 0:02:49]} 7. dxc5 {[%clk 0:03:01]} Qxd1
{[%clk 0:02:47]} 8. Rxd1 {[%clk 0:03:01]} Bxc5 {[%clk 0:02:46]} 9. Nbd2
{[%clk 0:03:00]} c3 {[%clk 0:02:47]} 10. bxc3 {[%clk 0:03:00]} O-O
{[%clk 0:02:47]} 11. Nb3 {[%clk 0:02:59]} Be7 {[%clk 0:02:48]} 12. Nfd4
{[%clk 0:02:57]} Nxd4 {[%clk 0:02:47]} 13. cxd4 {[%clk 0:02:55]} Nd5
{[%clk 0:02:48]} 14. Bb2 {[%clk 0:02:50]} f5 {[%clk 0:02:49]} 15. Rac1
{[%clk 0:02:46]} Bd6 {[%clk 0:02:01]} 16. Nc5 {[%clk 0:02:34]} b6
{[%clk 0:01:57]} 17. e4 {[%clk 0:02:29]} fxe4 {[%clk 0:01:53]} 18. Nxe4
{[%clk 0:02:29]} Be7 {[%clk 0:01:48]} 19. Nc3 {[%clk 0:02:23]} Bb7
{[%clk 0:01:49]} 20. Nxd5 {[%clk 0:02:20]} Bxd5 {[%clk 0:01:50]} 21. Bxd5
{[%clk 0:02:20]} exd5 {[%clk 0:01:51]} 22. Rc7 {[%clk 0:02:18]} Bf6
{[%clk 0:01:51]} 23. Rdc1 {[%clk 0:02:11]} Rfe8 {[%clk 0:01:52]} 1/2-1/2

[Event "Russian Blitz Championship (w)"]
[Site "Sochi"]
[Date "2022.10.14"]
[Round "11.6"]
[White "Girya, Olga"]
[Black "Vysotskaya, Anastasiya"]
[Result "1-0"]
[BlackElo "2023"]
[WhiteElo "2298"]
[LiveChessVersion "1.4.8"]

1. d4 {[%clk 0:03:03]} Nf6 {[%clk 0:03:03]} 2. Nf3 {[%clk 0:03:05]} e6
{[%clk 0:02:57]} 3. c4 {[%clk 0:03:06]} Bb4+ {[%clk 0:02:47]} 4. Bd2
{[%clk 0:03:07]} Qe7 {[%clk 0:02:46]} 5. g3 {[%clk 0:03:04]} Bxd2+
{[%clk 0:02:43]} 6. Qxd2 {[%clk 0:03:04]} d6 {[%clk 0:02:40]} 7. Bg2
{[%clk 0:03:04]} O-O {[%clk 0:02:39]} 8. Nc3 {[%clk 0:03:03]} e5 {[%clk 0:02:26]}
9. O-O {[%clk 0:02:51]} Re8 {[%clk 0:02:25]} 10. dxe5 {[%clk 0:02:36]} dxe5
{[%clk 0:02:24]} 11. Nd5 {[%clk 0:02:31]} Qd8 {[%clk 0:01:59]} 12. Rfd1
{[%clk 0:02:00]} c6 {[%clk 0:01:59]} 13. Nxf6+ {[%clk 0:01:59]} Qxf6
{[%clk 0:02:00]} 14. Qc3 {[%clk 0:01:52]} Nd7 {[%clk 0:01:32]} 15. b4
{[%clk 0:01:53]} e4 {[%clk 0:01:05]} 16. Qxf6 {[%clk 0:01:54]} Nxf6
{[%clk 0:01:06]} 17. Nd4 {[%clk 0:01:54]} Bg4 {[%clk 0:00:57]} 18. h3
{[%clk 0:01:54]} Bh5 {[%clk 0:00:58]} 19. g4 {[%clk 0:01:55]} Bg6
{[%clk 0:00:58]} 20. e3 {[%clk 0:01:56]} Rad8 {[%clk 0:00:54]} 21. Kh2
{[%clk 0:01:46]} h5 {[%clk 0:00:54]} 22. Kg3 {[%clk 0:01:46]} hxg4
{[%clk 0:00:52]} 23. hxg4 {[%clk 0:01:47]} Nd7 {[%clk 0:00:52]} 24. c5
{[%clk 0:01:33]} Ne5 {[%clk 0:00:52]} 25. Bf1 {[%clk 0:01:27]} Nd3
{[%clk 0:00:44]} 26. a3 {[%clk 0:01:28]} Ne5 {[%clk 0:00:27]} 27. Rd2
{[%clk 0:01:23]} Rd7 {[%clk 0:00:23]} 28. Rad1 {[%clk 0:01:20]} Red8
{[%clk 0:00:24]} 29. Bg2 {[%clk 0:01:11]} b6 {[%clk 0:00:12]} 30. Rc2
{[%clk 0:00:58]} bxc5 {[%clk 0:00:06]} 31. Rxc5 {[%clk 0:00:57]} Rd5
{[%clk 0:00:04]} 32. Rdc1 {[%clk 0:00:54]} Nd3 {[%clk 0:00:04]} 33. Rxd5
{[%clk 0:00:51]} cxd5 {[%clk 0:00:03]} 34. Rc7 {[%clk 0:00:51]} a6
{[%clk 0:00:03]} 35. Rc6 {[%clk 0:00:48]} Ra8 {[%clk 0:00:04]} 36. Rd6
{[%clk 0:00:49]} a5 {[%clk 0:00:05]} 37. b5 {[%clk 0:00:50]} Ne5 {[%clk 0:00:06]}
38. Rxd5 {[%clk 0:00:50]} Nc4 {[%clk 0:00:07]} 39. a4 {[%clk 0:00:41]} Nb2
{[%clk 0:00:08]} 40. b6 {[%clk 0:00:39]} Nxa4 {[%clk 0:00:08]} 41. b7
{[%clk 0:00:40]} Rb8 {[%clk 0:00:09]} 42. Rxa5 {[%clk 0:00:38]} Rxb7 43. Rxa4
{[%clk 0:00:37]} f6 {[%clk 0:00:03]} 44. Nf5 {[%clk 0:00:37]} Bf7
{[%clk 0:00:03]} 45. Bxe4 {[%clk 0:00:38]} Rb2 {[%clk 0:00:04]} 46. Ra8+
{[%clk 0:00:38]} Kh7 {[%clk 0:00:06]} 47. Ra7 {[%clk 0:00:39]} Kg8
{[%clk 0:00:06]} 48. Bd5 {[%clk 0:00:37]} Bxd5 {[%clk 0:00:06]} 49. Ne7+
{[%clk 0:00:39]} Kh7 {[%clk 0:00:06]} 50. Nxd5 {[%clk 0:00:40]} Rb3
{[%clk 0:00:06]} 51. Nxf6+ Kg6 {[%clk 0:00:08]} 52. Nd5 {[%clk 0:00:41]} Rd3
{[%clk 0:00:09]} 53. Nf4+ {[%clk 0:00:42]} 1-0

[Event "Russian Blitz Championship (w)"]
[Site "Sochi"]
[Date "2022.10.14"]
[Round "11.7"]
[White "Diakonova, Ekaterina"]
[Black "Gunina, Valentina"]
[Result "0-1"]
[BlackElo "2376"]
[WhiteElo "1987"]
[LiveChessVersion "1.4.8"]

1. e4 {[%clk 0:03:02]} c6 {[%clk 0:03:04]} 2. d4 {[%clk 0:03:03]} d5
{[%clk 0:03:05]} 3. exd5 {[%clk 0:03:04]} cxd5 {[%clk 0:03:05]} 4. Bd3
{[%clk 0:03:06]} Nc6 {[%clk 0:03:06]} 5. c3 {[%clk 0:03:07]} e6 {[%clk 0:03:07]}
6. Nf3 {[%clk 0:03:03]} Bd6 {[%clk 0:03:03]} 7. O-O {[%clk 0:03:03]} Nge7
{[%clk 0:02:59]} 8. Bg5 {[%clk 0:02:47]} Qc7 {[%clk 0:02:57]} 9. Bh4
{[%clk 0:02:45]} Ng6 {[%clk 0:02:56]} 10. Bg3 {[%clk 0:02:45]} Nf4
{[%clk 0:02:51]} 11. Bxf4 {[%clk 0:02:35]} Bxf4 {[%clk 0:02:50]} 12. Nbd2
{[%clk 0:02:36]} O-O {[%clk 0:02:38]} 13. Re1 {[%clk 0:02:37]} Bd7
{[%clk 0:02:37]} 14. Nf1 {[%clk 0:02:37]} Rae8 {[%clk 0:02:36]} 15. Ne3
{[%clk 0:02:30]} g6 {[%clk 0:01:50]} 16. Ng4 {[%clk 0:02:20]} Kg7
{[%clk 0:01:51]} 17. g3 {[%clk 0:02:17]} f5 {[%clk 0:01:30]} 18. Nge5
{[%clk 0:01:59]} Bxe5 {[%clk 0:01:29]} 19. Nxe5 {[%clk 0:01:58]} f4
{[%clk 0:01:26]} 20. Qg4 {[%clk 0:01:50]} Nxe5 {[%clk 0:01:19]} 21. Rxe5
{[%clk 0:01:51]} Qb6 {[%clk 0:01:14]} 22. Rb1 {[%clk 0:01:44]} Rf6
{[%clk 0:01:13]} 23. h4 {[%clk 0:01:44]} Bb5 {[%clk 0:01:12]} 24. Bc2
{[%clk 0:01:33]} Qa6 {[%clk 0:01:08]} 25. h5 {[%clk 0:01:31]} Bd3
{[%clk 0:01:07]} 26. Bxd3 {[%clk 0:01:17]} Qxd3 {[%clk 0:01:08]} 27. Rbe1
{[%clk 0:01:18]} fxg3 {[%clk 0:01:02]} 28. fxg3 {[%clk 0:01:14]} Ref8
{[%clk 0:00:50]} 29. R5e2 {[%clk 0:01:15]} Rf5 {[%clk 0:00:40]} 30. hxg6
{[%clk 0:01:14]} h5 {[%clk 0:00:38]} 31. Qh4 {[%clk 0:01:11]} R8f6
{[%clk 0:00:39]} 32. Kg2 {[%clk 0:01:03]} Qf3+ {[%clk 0:00:35]} 33. Kh2
{[%clk 0:01:01]} Rxg6 {[%clk 0:00:25]} 34. Qe7+ {[%clk 0:01:02]} Rf7
{[%clk 0:00:26]} 35. Qh4 {[%clk 0:01:02]} Rg4 {[%clk 0:00:23]} 36. Qh3
{[%clk 0:01:02]} Qf5 {[%clk 0:00:21]} 37. Re5 {[%clk 0:01:00]} Qc2+
{[%clk 0:00:22]} 38. R1e2 {[%clk 0:00:57]} Qd3 {[%clk 0:00:20]} 39. Rxe6
{[%clk 0:00:46]} Qf3 {[%clk 0:00:10]} 40. R6e5 {[%clk 0:00:41]} Rg6
{[%clk 0:00:09]} 41. R5e3 {[%clk 0:00:35]} Qf6 {[%clk 0:00:10]} 42. Re6
{[%clk 0:00:26]} Qf3 {[%clk 0:00:08]} 43. R6e3 {[%clk 0:00:26]} Qf6
{[%clk 0:00:09]} 44. Qg2 {[%clk 0:00:22]} h4 {[%clk 0:00:10]} 45. Qxd5
{[%clk 0:00:21]} hxg3+ {[%clk 0:00:10]} 46. Kh3 {[%clk 0:00:22]} Rh6+
{[%clk 0:00:11]} 47. Kxg3 {[%clk 0:00:21]} Qf4+ {[%clk 0:00:12]} 48. Kg2
{[%clk 0:00:22]} Qh2# {[%clk 0:00:13]} 0-1

[Event "Russian Blitz Championship (w)"]
[Site "Sochi"]
[Date "2022.10.14"]
[Round "11.8"]
[White "Bivol, Alina"]
[Black "Yakimova, Mariya"]
[Result "1-0"]
[BlackElo "2134"]
[WhiteElo "2264"]
[LiveChessVersion "1.4.8"]

1. e4 {[%clk 0:03:03]} c5 {[%clk 0:03:02]} 2. Nf3 {[%clk 0:03:04]} Nc6
{[%clk 0:03:03]} 3. d4 {[%clk 0:03:04]} cxd4 {[%clk 0:03:04]} 4. Nxd4
{[%clk 0:03:05]} Nf6 {[%clk 0:03:05]} 5. Nc3 {[%clk 0:03:05]} d6 {[%clk 0:03:05]}
6. Bg5 {[%clk 0:02:58]} e6 {[%clk 0:03:06]} 7. Bb5 {[%clk 0:02:55]} Bd7
{[%clk 0:03:07]} 8. Bxc6 {[%clk 0:02:55]} bxc6 {[%clk 0:03:08]} 9. Qf3
{[%clk 0:02:55]} h6 {[%clk 0:03:09]} 10. Bh4 {[%clk 0:02:53]} Rc8
{[%clk 0:03:10]} 11. Bg3 {[%clk 0:02:19]} c5 {[%clk 0:02:29]} 12. Nb3
{[%clk 0:02:04]} Be7 {[%clk 0:02:24]} 13. O-O {[%clk 0:01:59]} Bc6
{[%clk 0:02:16]} 14. Qe2 {[%clk 0:01:56]} O-O {[%clk 0:02:14]} 15. Rad1
{[%clk 0:01:55]} d5 {[%clk 0:01:33]} 16. exd5 {[%clk 0:01:16]} exd5
{[%clk 0:01:34]} 17. Nxd5 {[%clk 0:01:09]} Bxd5 {[%clk 0:00:23]} 18. c4
{[%clk 0:01:10]} Re8 {[%clk 0:00:11]} 19. cxd5 {[%clk 0:01:10]} c4
{[%clk 0:00:12]} 20. Nd4 {[%clk 0:01:04]} Qxd5 {[%clk 0:00:11]} 21. Nf3
{[%clk 0:00:57]} Qb5 {[%clk 0:00:08]} 22. Qc2 {[%clk 0:00:56]} Bb4
{[%clk 0:00:04]} 23. Nd4 {[%clk 0:00:54]} Qb7 {[%clk 0:00:05]} 24. Nf5
{[%clk 0:00:46]} Ba5 {[%clk 0:00:04]} 25. Nd6 {[%clk 0:00:46]} Qc6
{[%clk 0:00:04]} 26. Nxc8 {[%clk 0:00:45]} Rxc8 {[%clk 0:00:05]} 27. Rd6
{[%clk 0:00:45]} Qc5 {[%clk 0:00:05]} 28. Rfd1 {[%clk 0:00:43]} Bb6
{[%clk 0:00:06]} 29. h3 {[%clk 0:00:33]} Qg5 {[%clk 0:00:07]} 30. Kh2
{[%clk 0:00:31]} Qb5 {[%clk 0:00:06]} 31. R6d2 {[%clk 0:00:27]} Qh5
{[%clk 0:00:07]} 32. Re2 {[%clk 0:00:23]} Ng4+ {[%clk 0:00:07]} 33. Kg1
{[%clk 0:00:24]} Nf6 {[%clk 0:00:05]} 34. Rde1 {[%clk 0:00:26]} Qb5
{[%clk 0:00:05]} 35. Be5 {[%clk 0:00:26]} Nd5 {[%clk 0:00:04]} 36. Bc3
{[%clk 0:00:26]} Nb4 {[%clk 0:00:04]} 37. Bxb4 {[%clk 0:00:24]} 1-0

[Event "Russian Blitz Championship (w)"]
[Site "Sochi"]
[Date "2022.10.14"]
[Round "12.2"]
[White "Bodnaruk, Anastasia"]
[Black "Guseva, Marina"]
[Result "0-1"]
[BlackElo "2273"]
[WhiteElo "2332"]
[LiveChessVersion "1.4.8"]

1. e4 {[%clk 0:03:02]} c5 {[%clk 0:03:02]} 2. Nf3 {[%clk 0:03:03]} d6
{[%clk 0:03:03]} 3. d4 {[%clk 0:03:04]} cxd4 {[%clk 0:03:04]} 4. Nxd4
{[%clk 0:03:05]} Nf6 {[%clk 0:03:05]} 5. Nc3 {[%clk 0:03:07]} a6 {[%clk 0:03:06]}
6. Be2 {[%clk 0:03:07]} e5 {[%clk 0:03:07]} 7. Nb3 {[%clk 0:03:08]} Be7
{[%clk 0:03:08]} 8. O-O {[%clk 0:03:08]} O-O {[%clk 0:03:08]} 9. Qd3
{[%clk 0:03:04]} Be6 {[%clk 0:03:02]} 10. Nd5 {[%clk 0:02:57]} Bxd5
{[%clk 0:02:37]} 11. exd5 {[%clk 0:02:58]} Nbd7 {[%clk 0:02:39]} 12. c4
{[%clk 0:02:33]} Rc8 {[%clk 0:02:33]} 13. Be3 {[%clk 0:02:26]} b6
{[%clk 0:02:27]} 14. Kh1 {[%clk 0:02:13]} Nc5 {[%clk 0:02:22]} 15. Nxc5
{[%clk 0:02:13]} bxc5 {[%clk 0:02:23]} 16. f4 {[%clk 0:02:11]} e4
{[%clk 0:02:02]} 17. Qc2 {[%clk 0:02:01]} Re8 {[%clk 0:02:00]} 18. a4
{[%clk 0:01:57]} a5 {[%clk 0:01:52]} 19. Bd2 {[%clk 0:01:35]} Rb8
{[%clk 0:01:47]} 20. Bc3 {[%clk 0:01:32]} Bf8 {[%clk 0:01:40]} 21. Rae1
{[%clk 0:01:26]} g6 {[%clk 0:01:33]} 22. Bd1 {[%clk 0:01:24]} Bg7
{[%clk 0:01:32]} 23. g4 {[%clk 0:01:17]} e3 {[%clk 0:01:28]} 24. Bf3
{[%clk 0:01:13]} Nd7 {[%clk 0:01:22]} 25. Re2 {[%clk 0:00:56]} Bxc3
{[%clk 0:01:20]} 26. Qxc3 {[%clk 0:00:57]} Qf6 {[%clk 0:01:19]} 27. Qxf6
{[%clk 0:00:22]} Nxf6 {[%clk 0:01:20]} 28. Rfe1 {[%clk 0:00:13]} Rb4
{[%clk 0:01:13]} 29. Rxe3 {[%clk 0:00:07]} Rxe3 {[%clk 0:01:13]} 30. Rxe3
{[%clk 0:00:09]} Rxc4 {[%clk 0:01:00]} 31. g5 {[%clk 0:00:08]} Nd7
{[%clk 0:00:58]} 32. Re4 {[%clk 0:00:08]} Rc1+ {[%clk 0:00:45]} 33. Kg2
{[%clk 0:00:09]} Kf8 {[%clk 0:00:46]} 34. Be2 {[%clk 0:00:06]} Nb6
{[%clk 0:00:46]} 35. Bb5 {[%clk 0:00:06]} Nxd5 {[%clk 0:00:41]} 36. Kg3
{[%clk 0:00:06]} Nc7 {[%clk 0:00:38]} 37. Bc6 {[%clk 0:00:06]} Ne6
{[%clk 0:00:29]} 38. Bd7 {[%clk 0:00:04]} Ke7 {[%clk 0:00:30]} 39. Bb5
{[%clk 0:00:05]} d5 {[%clk 0:00:30]} 40. Re5 {[%clk 0:00:06]} Kd6
{[%clk 0:00:30]} 41. h4 {[%clk 0:00:05]} Rc2 {[%clk 0:00:29]} 42. h5
{[%clk 0:00:05]} Rxb2 43. h6 {[%clk 0:00:06]} Rb3+ {[%clk 0:00:29]} 44. Kf2
{[%clk 0:00:07]} Rb4 {[%clk 0:00:28]} 45. f5 {[%clk 0:00:05]} Kxe5
{[%clk 0:00:29]} 0-1

[Event "Russian Blitz Championship (w)"]
[Site "Sochi"]
[Date "2022.10.14"]
[Round "12.3"]
[White "Girya, Olga"]
[Black "Dimitrova, Aleksandra"]
[Result "1-0"]
[BlackElo "2051"]
[WhiteElo "2298"]
[LiveChessVersion "1.4.8"]

1. d4 {[%clk 0:03:03]} Nf6 {[%clk 0:03:03]} 2. Nf3 {[%clk 0:03:04]} e6
{[%clk 0:03:04]} 3. c4 {[%clk 0:03:05]} b6 {[%clk 0:03:05]} 4. g3
{[%clk 0:03:06]} Bb4+ {[%clk 0:03:01]} 5. Bd2 {[%clk 0:03:08]} Be7
{[%clk 0:03:02]} 6. Nc3 {[%clk 0:03:07]} d5 {[%clk 0:02:50]} 7. cxd5
{[%clk 0:02:57]} exd5 {[%clk 0:02:51]} 8. Bg2 {[%clk 0:02:55]} O-O
{[%clk 0:02:49]} 9. O-O {[%clk 0:02:55]} Bb7 {[%clk 0:02:49]} 10. Rc1
{[%clk 0:02:54]} c5 {[%clk 0:02:46]} 11. dxc5 {[%clk 0:02:39]} bxc5
{[%clk 0:02:47]} 12. Qb3 {[%clk 0:02:40]} Qb6 {[%clk 0:02:40]} 13. Ne5
{[%clk 0:02:40]} Qxb3 {[%clk 0:02:20]} 14. axb3 {[%clk 0:02:41]} Na6
{[%clk 0:02:16]} 15. Bg5 {[%clk 0:02:35]} Rfd8 {[%clk 0:02:02]} 16. Rfd1
{[%clk 0:02:28]} Nb4 {[%clk 0:01:56]} 17. Na4 {[%clk 0:02:27]} Rac8
{[%clk 0:01:33]} 18. Ng4 {[%clk 0:02:27]} Ba8 {[%clk 0:01:23]} 19. Bxf6
{[%clk 0:02:11]} gxf6 {[%clk 0:01:22]} 20. Nh6+ {[%clk 0:02:13]} Kf8
{[%clk 0:01:16]} 21. Nf5 {[%clk 0:02:14]} c4 {[%clk 0:00:47]} 22. bxc4
{[%clk 0:02:02]} dxc4 {[%clk 0:00:46]} 23. Rxd8+ {[%clk 0:01:59]} Bxd8
{[%clk 0:00:36]} 24. Bxa8 {[%clk 0:02:00]} Rxa8 {[%clk 0:00:31]} 25. Rxc4
{[%clk 0:02:01]} a5 {[%clk 0:00:31]} 26. Rh4 {[%clk 0:01:55]} Kg8
{[%clk 0:00:28]} 27. Rg4+ {[%clk 0:01:56]} Kh8 {[%clk 0:00:22]} 28. Re4
{[%clk 0:01:55]} Bc7 {[%clk 0:00:20]} 29. Re7 {[%clk 0:01:56]} Be5
{[%clk 0:00:20]} 30. Rxf7 {[%clk 0:01:57]} Bxb2 {[%clk 0:00:09]} 31. Nxb2
{[%clk 0:01:57]} a4 {[%clk 0:00:10]} 32. Nxa4 {[%clk 0:01:51]} Kg8
{[%clk 0:00:10]} 33. Rxf6 {[%clk 0:01:49]} Rxa4 {[%clk 0:00:09]} 34. Kg2
{[%clk 0:01:45]} Nd5 {[%clk 0:00:09]} 35. Rd6 {[%clk 0:01:45]} Nc3
{[%clk 0:00:09]} 36. Nd4 {[%clk 0:01:33]} Ra2 {[%clk 0:00:08]} 37. Kf3
{[%clk 0:01:27]} Rd2 {[%clk 0:00:08]} 38. Rc6 {[%clk 0:01:16]} Nd1
{[%clk 0:00:05]} 39. Nf5 {[%clk 0:01:16]} Rd7 {[%clk 0:00:04]} 40. Rd6
{[%clk 0:01:15]} 1-0

[Event "Russian Blitz Championship (w)"]
[Site "Sochi"]
[Date "2022.10.14"]
[Round "12.4"]
[White "Shuvalova, Polina"]
[Black "Bivol, Alina"]
[Result "0-1"]
[BlackElo "2264"]
[WhiteElo "2392"]
[LiveChessVersion "1.4.8"]

1. d4 {[%clk 0:03:03]} d5 {[%clk 0:03:03]} 2. Nf3 {[%clk 0:03:04]} Nf6
{[%clk 0:03:04]} 3. Bf4 {[%clk 0:03:05]} e6 {[%clk 0:03:04]} 4. e3
{[%clk 0:03:07]} c5 {[%clk 0:03:05]} 5. Nbd2 {[%clk 0:03:07]} Nc6
{[%clk 0:03:06]} 6. c3 {[%clk 0:03:08]} Nh5 {[%clk 0:03:07]} 7. Bg5
{[%clk 0:03:09]} f6 {[%clk 0:03:08]} 8. Bh4 {[%clk 0:03:10]} g6 {[%clk 0:03:07]}
9. Be2 {[%clk 0:03:05]} Be7 {[%clk 0:03:07]} 10. O-O {[%clk 0:03:02]} Ng7
{[%clk 0:03:05]} 11. dxc5 {[%clk 0:02:57]} Bxc5 {[%clk 0:02:56]} 12. e4
{[%clk 0:02:47]} Be7 {[%clk 0:02:42]} 13. exd5 {[%clk 0:02:44]} exd5
{[%clk 0:02:42]} 14. Nb3 {[%clk 0:02:38]} Nf5 {[%clk 0:02:41]} 15. Bg3
{[%clk 0:02:39]} Nxg3 {[%clk 0:02:41]} 16. hxg3 {[%clk 0:02:39]} O-O
{[%clk 0:02:35]} 17. Qd2 {[%clk 0:02:37]} Kg7 {[%clk 0:02:33]} 18. Rfe1
{[%clk 0:02:35]} Ne5 {[%clk 0:01:54]} 19. Rad1 {[%clk 0:02:33]} Be6
{[%clk 0:01:49]} 20. Bf1 {[%clk 0:02:01]} Bd6 {[%clk 0:01:30]} 21. Nbd4
{[%clk 0:01:48]} Bf7 {[%clk 0:01:30]} 22. Nc2 {[%clk 0:01:48]} Ng4
{[%clk 0:01:13]} 23. Qd4 {[%clk 0:01:35]} Qc8 {[%clk 0:01:10]} 24. Qd2
{[%clk 0:01:21]} Qc7 {[%clk 0:00:57]} 25. Ne3 {[%clk 0:01:19]} Nxe3
{[%clk 0:00:58]} 26. Rxe3 {[%clk 0:01:19]} Rfe8 {[%clk 0:00:58]} 27. Nd4
{[%clk 0:01:01]} Rxe3 {[%clk 0:00:50]} 28. Qxe3 {[%clk 0:01:02]} Re8
{[%clk 0:00:49]} 29. Qd3 {[%clk 0:01:01]} a6 {[%clk 0:00:48]} 30. Be2
{[%clk 0:01:00]} b5 {[%clk 0:00:42]} 31. a3 {[%clk 0:00:59]} Bc5 {[%clk 0:00:39]}
32. Bf3 {[%clk 0:00:59]} Qb6 {[%clk 0:00:37]} 33. Qd2 {[%clk 0:00:57]} Qc7
{[%clk 0:00:32]} 34. Kf1 {[%clk 0:00:42]} Bb6 {[%clk 0:00:32]} 35. Kg1
{[%clk 0:00:38]} Bc5 {[%clk 0:00:31]} 36. Nc2 {[%clk 0:00:38]} Qxg3
{[%clk 0:00:28]} 37. Nd4 {[%clk 0:00:31]} Qc7 {[%clk 0:00:26]} 38. Nb3
{[%clk 0:00:29]} Bb6 {[%clk 0:00:23]} 39. Nd4 {[%clk 0:00:29]} Re5
{[%clk 0:00:22]} 40. Nc2 {[%clk 0:00:23]} h5 {[%clk 0:00:23]} 41. Nb4
{[%clk 0:00:21]} Rg5 {[%clk 0:00:20]} 42. Kf1 {[%clk 0:00:14]} Qh2
{[%clk 0:00:19]} 43. Nxd5 {[%clk 0:00:11]} Bxd5 {[%clk 0:00:20]} 44. Bxd5
{[%clk 0:00:11]} Re5 {[%clk 0:00:13]} 45. g3 {[%clk 0:00:03]} h4 {[%clk 0:00:14]}
46. Bg2 {[%clk 0:00:03]} hxg3 {[%clk 0:00:14]} 47. Qd7+ {[%clk 0:00:04]} Kh6
{[%clk 0:00:15]} 48. Qd2+ {[%clk 0:00:05]} Kg7 {[%clk 0:00:09]} 49. Qd7+
{[%clk 0:00:06]} Kh6 {[%clk 0:00:10]} 50. Qd2+ {[%clk 0:00:06]} Kg7
{[%clk 0:00:06]} 51. Qd7+ {[%clk 0:00:06]} Kh6 {[%clk 0:00:07]} 52. Qd6
{[%clk 0:00:05]} Bxf2 {[%clk 0:00:06]} 53. Qf8+ {[%clk 0:00:07]} Kg5
{[%clk 0:00:07]} 0-1

[Event "Russian Blitz Championship (w)"]
[Site "Sochi"]
[Date "2022.10.14"]
[Round "12.5"]
[White "Potapova, Margarita"]
[Black "Gunina, Valentina"]
[Result "1-0"]
[BlackElo "2376"]
[WhiteElo "2150"]
[LiveChessVersion "1.4.8"]

1. d4 {[%clk 0:03:03]} d5 {[%clk 0:03:03]} 2. c4 {[%clk 0:03:03]} c6
{[%clk 0:03:04]} 3. cxd5 {[%clk 0:03:03]} cxd5 {[%clk 0:03:05]} 4. Bf4
{[%clk 0:03:03]} Nc6 {[%clk 0:03:05]} 5. e3 {[%clk 0:03:04]} Nf6 {[%clk 0:03:05]}
6. Nc3 {[%clk 0:03:05]} a6 {[%clk 0:03:06]} 7. Rc1 {[%clk 0:03:06]} Bf5
{[%clk 0:03:03]} 8. Nf3 {[%clk 0:03:06]} Rc8 {[%clk 0:03:04]} 9. Ne5
{[%clk 0:02:55]} e6 {[%clk 0:03:03]} 10. Qb3 {[%clk 0:02:50]} Nxe5
{[%clk 0:02:59]} 11. Bxe5 {[%clk 0:02:47]} b5 {[%clk 0:02:11]} 12. a4
{[%clk 0:02:23]} Nd7 {[%clk 0:01:52]} 13. axb5 {[%clk 0:02:06]} Nxe5
{[%clk 0:01:50]} 14. dxe5 {[%clk 0:02:07]} d4 {[%clk 0:01:43]} 15. exd4
{[%clk 0:01:21]} Qxd4 {[%clk 0:01:43]} 16. bxa6 {[%clk 0:01:20]} Bc5
{[%clk 0:01:31]} 17. Qa4+ {[%clk 0:01:07]} Ke7 {[%clk 0:01:30]} 18. Qxd4
{[%clk 0:00:58]} Bxd4 {[%clk 0:01:30]} 19. Be2 {[%clk 0:00:44]} Rc5
{[%clk 0:00:57]} 20. O-O {[%clk 0:00:40]} Rxe5 {[%clk 0:00:55]} 21. Bf3
{[%clk 0:00:36]} Bd3 {[%clk 0:00:52]} 22. Rfd1 {[%clk 0:00:35]} Bxc3
{[%clk 0:00:50]} 23. Rxd3 {[%clk 0:00:29]} Bxb2 {[%clk 0:00:51]} 24. Rb1
{[%clk 0:00:27]} Ra5 {[%clk 0:00:17]} 25. Rxb2 {[%clk 0:00:27]} Rxa6
{[%clk 0:00:18]} 26. Rb7+ {[%clk 0:00:27]} Kf6 {[%clk 0:00:19]} 27. g3
{[%clk 0:00:27]} g6 {[%clk 0:00:15]} 28. Rdd7 {[%clk 0:00:28]} Rf8
{[%clk 0:00:16]} 29. Kg2 {[%clk 0:00:29]} Ra2 {[%clk 0:00:16]} 30. h4
{[%clk 0:00:27]} h5 {[%clk 0:00:17]} 31. Rd4 {[%clk 0:00:28]} Kg7
{[%clk 0:00:16]} 32. Rf4 {[%clk 0:00:26]} Rd2 {[%clk 0:00:14]} 33. Bc6
{[%clk 0:00:23]} Rd6 {[%clk 0:00:07]} 34. Bb5 {[%clk 0:00:23]} Rd2
{[%clk 0:00:08]} 35. Bc4 {[%clk 0:00:24]} Rd6 {[%clk 0:00:07]} 36. Re7
{[%clk 0:00:23]} Kg8 {[%clk 0:00:07]} 37. Be2 {[%clk 0:00:18]} Kg7
{[%clk 0:00:07]} 38. Ra4 {[%clk 0:00:17]} Rd2 {[%clk 0:00:07]} 39. Bf3
{[%clk 0:00:17]} Kf6 {[%clk 0:00:06]} 40. Raa7 {[%clk 0:00:18]} Rc2
{[%clk 0:00:03]} 41. Be4 {[%clk 0:00:19]} Rd2 {[%clk 0:00:05]} 42. Bc6
{[%clk 0:00:20]} Rd6 {[%clk 0:00:05]} 43. Be8 {[%clk 0:00:21]} Rd8
{[%clk 0:00:03]} 44. Rxf7+ {[%clk 0:00:20]} Rxf7 45. Rxf7+ {[%clk 0:00:18]} Ke5
{[%clk 0:00:05]} 46. Bb5 {[%clk 0:00:17]} Rg8 {[%clk 0:00:06]} 47. Bd3
{[%clk 0:00:16]} Kd6 {[%clk 0:00:06]} 48. Rf6 {[%clk 0:00:17]} g5
{[%clk 0:00:08]} 49. Rg6 {[%clk 0:00:15]} Rxg6 {[%clk 0:00:05]} 50. Bxg6
{[%clk 0:00:16]} gxh4 {[%clk 0:00:06]} 51. gxh4 {[%clk 0:00:17]} Ke5
{[%clk 0:00:07]} 52. Bxh5 1-0

[Event "Russian Blitz Championship (w)"]
[Site "Sochi"]
[Date "2022.10.14"]
[Round "12.6"]
[White "Kovanova, Baira"]
[Black "Pogonina, Natalija"]
[Result "1/2-1/2"]
[BlackElo "2332"]
[WhiteElo "2217"]
[LiveChessVersion "1.4.8"]

1. e4 {[%clk 0:03:03]} e5 {[%clk 0:03:03]} 2. Nf3 {[%clk 0:03:04]} Nc6
{[%clk 0:03:03]} 3. Bb5 {[%clk 0:03:03]} a6 {[%clk 0:03:04]} 4. Ba4
{[%clk 0:03:03]} Nf6 {[%clk 0:03:04]} 5. O-O {[%clk 0:03:03]} Be7
{[%clk 0:03:04]} 6. Re1 {[%clk 0:03:00]} b5 {[%clk 0:03:05]} 7. Bb3
{[%clk 0:03:01]} d6 {[%clk 0:03:05]} 8. c3 {[%clk 0:02:59]} O-O {[%clk 0:02:59]}
9. h3 {[%clk 0:02:58]} Na5 {[%clk 0:02:58]} 10. Bc2 {[%clk 0:02:59]} c5
{[%clk 0:02:58]} 11. d4 {[%clk 0:02:54]} Qc7 {[%clk 0:02:59]} 12. d5
{[%clk 0:02:55]} Nd7 {[%clk 0:02:54]} 13. b3 {[%clk 0:02:38]} Nb6
{[%clk 0:02:49]} 14. Nbd2 {[%clk 0:02:25]} Bd7 {[%clk 0:02:48]} 15. Nf1
{[%clk 0:02:24]} Nb7 {[%clk 0:02:48]} 16. Ng3 {[%clk 0:02:04]} c4
{[%clk 0:02:47]} 17. Be3 {[%clk 0:01:53]} a5 {[%clk 0:02:16]} 18. Nd2
{[%clk 0:01:43]} cxb3 {[%clk 0:02:03]} 19. axb3 {[%clk 0:01:44]} Nc5
{[%clk 0:02:03]} 20. Qe2 {[%clk 0:01:33]} b4 {[%clk 0:01:57]} 21. cxb4
{[%clk 0:01:12]} axb4 {[%clk 0:01:57]} 22. Bd3 {[%clk 0:00:57]} Qb7
{[%clk 0:01:40]} 23. Bb5 {[%clk 0:00:55]} Rfc8 {[%clk 0:01:32]} 24. Bxd7
{[%clk 0:00:43]} Qxd7 {[%clk 0:01:27]} 25. Nf5 {[%clk 0:00:40]} Bf8
{[%clk 0:01:19]} 26. Qg4 {[%clk 0:00:33]} Kh8 {[%clk 0:01:16]} 27. Rec1
{[%clk 0:00:27]} g6 {[%clk 0:00:56]} 28. Nh6 {[%clk 0:00:18]} Qxg4
{[%clk 0:00:53]} 29. Nxg4 {[%clk 0:00:18]} Ncd7 {[%clk 0:00:49]} 30. f3
{[%clk 0:00:15]} Kg7 {[%clk 0:00:48]} 31. Nf2 {[%clk 0:00:16]} 1/2-1/2